000 00334nam a2200133Ia 4500
008 240624s9999 xx 000 0 und d
041 _aeng
082 _a658.8 BUS
100 _aBUSINESSWORLD
245 _aMARKETING WHITEBOOK 2007 2008 THE MARKET
260 _c2007
_aNew Delhi
_bBusinessworld
300 _a326 : p.
365 _cRS
_b20
999 _c6915
_d6915